Financial Accounting for MBAs (Record no. 571)

000 -LEADER
fixed length control field 00725nam a22002537a 4500
003 - CONTROL NUMBER IDENTIFIER
control field OSt
005 - DATE AND TIME OF LATEST TRANSACTION
control field 20210420080801.0
008 - FIXED-LENGTH DATA ELEMENTS--GENERAL INFORMATION
fixed length control field 201212s2008 ||||| |||| 00| 0 eng d
020 ## - INTERNATIONAL STANDARD BOOK NUMBER
International Standard Book Number 0978727932
040 ## - CATALOGING SOURCE
Original cataloging agency eng
Language of cataloging eng
Transcribing agency DLC
Modifying agency eng
041 ## - LANGUAGE CODE
Language code of text/sound track or separate title eng
080 ## - UNIVERSAL DECIMAL CLASSIFICATION NUMBER
Universal Decimal Classification number 336
Item number F-54
100 ## - MAIN ENTRY--PERSONAL NAME
9 (RLIN) 461
Personal name Easton, D. Peter
245 ## - TITLE STATEMENT
Title Financial Accounting for MBAs
Statement of responsibility, etc. / by: Cambridge Business Publishers
250 ## - EDITION STATEMENT
Edition statement 3rd edition
260 ## - PUBLICATION, DISTRIBUTION, ETC.
Place of publication, distribution, etc. Cambridge, USA
Name of publisher, distributor, etc. / by: Cambridge Business Publishers
Date of publication, distribution, etc. 2008
300 ## - PHYSICAL DESCRIPTION
Extent 244 p.
Other physical details ill.
650 #0 - SUBJECT ADDED ENTRY--TOPICAL TERM
9 (RLIN) 454
Topical term or geographic name entry element Finances
653 ## - INDEX TERM--UNCONTROLLED
Uncontrolled term ფინანსები
700 ## - ADDED ENTRY--PERSONAL NAME
9 (RLIN) 462
Personal name Wild, J. John
700 ## - ADDED ENTRY--PERSONAL NAME
9 (RLIN) 463
Personal name Halsey, F. Robert
700 ## - ADDED ENTRY--PERSONAL NAME
9 (RLIN) 464
Personal name McAnally, Lea Mary
942 ## - ADDED ENTRY ELEMENTS (KOHA)
Source of classification or shelving scheme
Koha item type Books
Edition 3
Holdings
Withdrawn status Lost status Source of classification or shelving scheme Damaged status Not for loan Permanent location Current location Date acquired Inventory number Total Checkouts Full call number Barcode Date last seen Price effective from Koha item type
          Ken Walker International University Ken Walker International University 12/12/2020 728   336 F-54 728 12/12/2020 12/12/2020 Books

Powered by Koha